000 02216nam0a2200373 i 4500
001 RU\NLR\bibl\1957930
005 20260407101456.0
010 _a9785859814954
_9143
021 _aRU
_b2012-73219
_95413
035 _a(NLR Aleph) 001946990
090 _a3643051
_c3643051
100 _a20121019d2012 u y0rusy50 ca
101 0 _arus
102 _aRU
105 _aa |||||||||
200 1 _aСоциально-психологические механизмы поддержки детей и молодежи в открытом социуме
_eнаучно-методическое пособие
_fМ-во образования и науки Рос. Федерации, Федер. гос. бюджет. образоват. учреждение высш. проф. образования "Краснояр. гос. пед. ун-т им. В.П. Астафьева", Ин-т проблем непрерыв. образования РАО
_g[Т.В. Фуряева, д.п.н. и др.]
210 _aКрасноярск
_cРедакционно-издательский отдел КГПУ
_d2012
215 _a286, [1] с.
_cил.
_d21
225 1 _aСерия Антропология и социальная практика
_vвып. 8
320 _aБиблиогр.: с. 144-147 (48 назв.)
606 1 _aПодростки
_jУчебно-методические пособия
_xАддиктивное поведение
_xПрофилактика
_92161206
_3RU\NLR\AUTH\661300653
606 1 _aПодростки
_jУчебно-методические пособия
_xПедагогическая поддержка
_92601587
_3RU\NLR\AUTH\661538145
686 1 _aЮ983.620.1-81я7
686 1 _aЮ984.92я7
686 1 _aС550.325я7
686 1 _aЧ421.331.2я7
702 1 _aФуряева
_bТ. В.
_gТатьяна Васильевна
_4220
712 0 2 _4570
_aКрасноярский государственный педагогический университет им. В. П. Астафьева
_3RU\NLR\AUTH\889928977
_9353495
801 0 _aRU
_bNLR
_c20121019
_gRCR
801 1 _aRU
_bNLR
_c20121019
942 _cBOOK
980 _aNBR